000
00286nam a22001097a 4500
008
170118b xxu||||| |||| 00| 0 eng d
020
_a
9780323065856
041
_a
eng
080
_2
3RD
_a
618.2
245
_a
COMPREHENSIVE REVIEW FOR THE NCLEX-RN EXAMINATION
_c
ANDERSON, M
942
_2
udc
_c
BK
999
_c
3087
_d
3087